<?xml version="1.0" encoding="UTF-8"?><?xml-stylesheet type="text/xsl" href="static/style.xsl"?><OAI-PMH xmlns="http://www.openarchives.org/OAI/2.0/" xmlns:xsi="http://www.w3.org/2001/XMLSchema-instance" xsi:schemaLocation="http://www.openarchives.org/OAI/2.0/ http://www.openarchives.org/OAI/2.0/OAI-PMH.xsd"><responseDate>2026-04-28T21:35:05Z</responseDate><request verb="GetRecord" identifier="oai:repisalud.isciii.es:20.500.12105/10042" metadataPrefix="marc">https://repisalud.isciii.es/rest/oai/request</request><GetRecord><record><header><identifier>oai:repisalud.isciii.es:20.500.12105/10042</identifier><datestamp>2024-09-21T09:15:17Z</datestamp><setSpec>com_20.500.12105_2203</setSpec><setSpec>com_20.500.12105_2202</setSpec><setSpec>col_20.500.12105_19585</setSpec></header><metadata><record xmlns="http://www.loc.gov/MARC21/slim" xmlns:dcterms="http://purl.org/dc/terms/" xmlns:doc="http://www.lyncode.com/xoai" xmlns:xsi="http://www.w3.org/2001/XMLSchema-instance" xsi:schemaLocation="http://www.loc.gov/MARC21/slim http://www.loc.gov/standards/marcxml/schema/MARC21slim.xsd">
   <leader>00925njm 22002777a 4500</leader>
   <datafield ind2=" " ind1=" " tag="042">
      <subfield code="a">dc</subfield>
   </datafield>
   <datafield ind2=" " ind1=" " tag="720">
      <subfield code="a">Instituto de Salud Carlos III. Gabinete de prensa</subfield>
      <subfield code="e">author</subfield>
   </datafield>
   <datafield ind2=" " ind1=" " tag="260">
      <subfield code="c">2020-05-11</subfield>
   </datafield>
   <datafield ind2=" " ind1=" " tag="520">
      <subfield code="a">El Fondo COVID19, que el Instituto de Salud Carlos III (ISCIII) creó con apoyo del Ministerio de Ciencia el pasado 19 de marzo para financiar proyectos que mejoren a corto plazo el manejo del nuevo coronavirus y la COVID19, ha aprobado 37 nuevos proyectos de investigación. Estos proyectos, aprobados a lo largo de la semana pasada, suponen una inversión de casi 3,5 millones. Sumados a los 85 estudios ya financiados anteriormente, se alcanza la cifra de 117 proyectos aprobados por el Fondo COVID19, que ha utilizado ya en torno a un 90% de su presupuesto (24 millones). En los próximos días se financiarán los últimos proyectos del Fondo. Los 37 nuevos proyectos inciden en la investigación de la respuesta inmunitaria, la biología y comportamiento del virus, la búsqueda de posibles fármacos, la estratificación de pacientes según el pronóstico de la enfermedad y la búsqueda de nuevas soluciones de salud pública para mejorar el control de la pandemia, entre otras cuestiones.</subfield>
   </datafield>
   <datafield ind1="8" ind2=" " tag="024">
      <subfield code="a">http://hdl.handle.net/20.500.12105/10042</subfield>
   </datafield>
   <datafield tag="653" ind2=" " ind1=" ">
      <subfield code="a">COVID-19</subfield>
   </datafield>
   <datafield tag="653" ind2=" " ind1=" ">
      <subfield code="a">Coronavirus</subfield>
   </datafield>
   <datafield tag="653" ind2=" " ind1=" ">
      <subfield code="a">SARS-CoV-2</subfield>
   </datafield>
   <datafield tag="653" ind2=" " ind1=" ">
      <subfield code="a">Proyectos de investigación</subfield>
   </datafield>
   <datafield ind2="0" ind1="0" tag="245">
      <subfield code="a">El Fondo COVID19 aprueba 37 nuevos proyectos y se acerca a su final: consulta las 117 investigaciones financiadas</subfield>
   </datafield>
</record></metadata></record></GetRecord></OAI-PMH>